Oratoria Experiencial Conecta con tu pb︢lico y sus emociones /

Bibliographic Details
Main Author: Neira, Nuria
Format: eBook
Language:Spanish
Published: Bogot:̀ Ediciones de la U, 2020
Subjects:
Online Access:Acceso restringido

MARC

LEADER 00000nam a22000007a 4500
005 2021070206496.0
007 cr|||| ||||
008 210702s2020 co |||||s|||| 00||0 spa d
020 |a 978-958-792-160-1 
035 |a 33452 
040 |a vLex 
090 |c 11828  |d 11828 
100 1 |a Neira, Nuria 
245 1 0 |a Oratoria Experiencial  |h [Recurso electrn̤ico] :  |b Conecta con tu pb︢lico y sus emociones /  |c Nuria Neira 
256 |a Servicio en ln̕ea 
260 |a Bogot:̀  |b Ediciones de la U,  |c 2020 
300 |a 1 recurso electrn̤ico 
500 |a Blanco, peludo y adorable, o verdes con bocas grandes y dientes afilados. El primero (Gizmo), y los otros, nuestros queridos Gremlins, promulgaban sonidos indescifrables, imposibles de entender, algunos ms̀ entraąbles (los de Gizmo) y otros ms̀ insoportables. Pero al fin y al cabo el lenguaje de los Mogwai era y es incomprensible. 
506 1 |a Disponible solo en los productos indicados  |d vLex Global  |d vLex Global (Academic Edition, excluding Law Schools)  |d vLex Global (U.S. Academic Edition, Law Schools)  |d vLex Global (U.S. Academic Edition, excluding Law Schools)  |d vLex Global (Academic Edition, Law Schools) 
650 0 4 |a Ciencias sociales  |z Colombia 
740 0 |a vLex Libros (Servicio en ln̕ea) 
856 4 0 |u https://vlex.com/source/oratoria-experiencial-conecta-con-tu-publico-y-sus-emociones-33452  |z Acceso restringido 
942 |c BOOK 
999 0 |a Social Sciences